000
00313nam a2200133Ia 4500
008
240624s9999 xx 000 0 und d
041
_a
eng
082
_a
381 STO
100
_a
STONE BRAD
245
_a
EVERYTHING STORE
260
_c
2014
_a
London
_b
Corgi Books
300
_a
463 : p. : cm. ; 19
365
_c
RS
_b
30
999
_c
26761
_d
26761